00374 2200157 4500245003700000020002200037250001200059100001400071650001600085005001900101260004200120041001400162084000800176300002300184336000900207 aWinter in TokyocIlana TanhText a978-979-22-3983-6 aCet. 22 aIlana Tan aNovel Fiksi a20230228082811 aJakartabGramedia Pustaka Utamac2013 aIndonesia a813 a320 hlm. :c20 cm. atext